Los sueños

Tallennettuna:
Bibliografiset tiedot
Päätekijä: Quevedo, Francisco de (Tekijä)
Aineistotyyppi: Kirja
Kieli:espanja
Julkaistu: Barcelona Ramón Sopena S. A 1972
Painos:1a. ed
Aiheet:
Tagit: Lisää tagi
Ei tageja, Lisää ensimmäinen tagi!

MARC

LEADER 00000cam a2200000 a 4500
001 UCE4195
003 CL-VaPUC
008 141016e19720000sp |||||||||||||||||spa|d
082 0 4 |a 867  |b QUE  |2 21 
100 0 |a Quevedo, Francisco de  |e author  |9 254892 
245 1 4 |a Los sueños 
250 |a 1a. ed 
300 |a 172 p 
942 |c BK 
945 |d 20141016 12:02:00  |a dcastane 
260 |a Barcelona  |b Ramón Sopena S. A  |c 1972 
650 0 |a Sátiras españolas  |9 267790 
650 0 |a Literatura española  |9 306261 
583 |a last modification  |c 20141016 12:02:00  |k Rodrigo Vera 
999 |c 357240  |d 357238 
952 |0 0  |1 0  |3 erb  |4 0  |6 867_000000000000000_QUE_1972  |7 0  |8 A  |9 465107  |a BIBART  |b BIBART  |i 503969K  |o 867 QUE 1972  |p 503969K  |r 2025-03-13  |w 2019-11-23  |y BK  |z Catalogado en:20141016  |k ART